Security environment in India with special reference to Jammu and Kashmir (Record no. 493590)

000 -LEADER
fixed length control field 00516cam a22001337a 4500
008 - FIXED-LENGTH DATA ELEMENTS--GENERAL INFORMATION
fixed length control field 180718b2008 xxu||||| |||| 00| 0 eng d
082 ## - DEWEY DECIMAL CLASSIFICATION NUMBER
Classification number APPPA 2007-08/SAN
100 ## - MAIN ENTRY--PERSONAL NAME
Personal name Sandhu, G.S.
245 ## - TITLE STATEMENT
Title Security environment in India with special reference to Jammu and Kashmir
Statement of responsibility, etc. by G.S. Sandhu
260 ## - PUBLICATION, DISTRIBUTION, ETC.
Place of publication, distribution, etc. New Delhi
Name of publisher, distributor, etc. Indian Institute of Public Administration
Date of publication, distribution, etc. 2008
300 ## - PHYSICAL DESCRIPTION
Extent 91p.
500 ## - GENERAL NOTE
General note An APPPA M.Phil dissertation, 2007-08 (Guide: S.S. Singh)
650 ## - SUBJECT ADDED ENTRY--TOPICAL TERM
Topical term or geographic name entry element Politics and government - India - Jammu and Kashmir
Holdings
Withdrawn status Lost status Damaged status Not for loan Permanent Location Current Location Date acquired Full call number Barcode Date last seen Price effective from Koha item type
        Indian Institute of Public Administration Indian Institute of Public Administration 2018-08-04 APPPA 2007-08/SAN GR18022 2018-08-04 2018-08-04 GR

Powered by Koha